| 000 | 01110nam a2200289 c 4500 | ||
|---|---|---|---|
| 003 | BLK | ||
| 005 | 20240405140755.0 | ||
| 008 | 180411b bul|||||r ||||||| ||bul|| | ||
| 010 | _aKNG00216811000 | ||
| 040 | _aBLK | ||
| 041 |
_aBUL _cBUL |
||
| 080 |
_aРуска литература _b821.161.1 _x-31 _z821.161.1-31 |
||
| 100 | 1 |
_aБек, Александър Алфредович _eпърви автор _9319424 |
|
| 700 | 1 |
_aАнгелова, Теменужка Кирилова _eпрев. от рус. _9386778 |
|
| 139 |
_aБек, Александър Алфредович _bБ 32 |
||
| 245 | 1 | 0 |
_aНово назначение _bРоман _cАлександър Алфредович Бек; прев. от рус. Теменужка Кирилова Ангелова. |
| 257 | _aBGR | ||
| 260 |
_аСофия _bНар. култура _c1988 |
||
| 300 |
_a272 с. _c17 см |
||
| 380 | _aX | ||
| 852 | _aЦб І 23840 | ||
| 856 | 4 |
_qpdf _u |
|
| 856 | 4 |
_qpdf _u |
|
| 942 |
_cKNG _n0 _03 |
||
| 944 |
_aCR _c06.03.2018 _k30531 _lЦветелина Шанова |
||
| 944 |
_aED _c06.03.2018 _kНора_Радева |
||
| 999 |
_c207060 _d207060 |
||